• 首页
  • 本馆介绍
  • 公告通知
  • 最新文献
  • 馆藏检索
  • 电子资源
  • 读者导购
  • 参考咨询
  • 我的图书馆
  • 登录
  • 详细信息显示
  • 放入我的书架
  • 预约/预借图书
  • 作者相关作品
  • 分类相关作品
  • 丛书相关作品
  • 出版社相关作品

书目信息

  • 表格格式
  • 工作单格式
  • 卡片格式
题名:
聚合物材料
    
 
作者: 埃伦斯坦 著 ;张萍 , 赵树高 译
分册:  
出版信息: 北京   化学工业出版社  2007
页数: 230页
开本: 24cm
丛书名:
单 册:
中图分类: TB324
科图分类:
主题词: 高分子材料--研究 , 高分子材料
电子资源:
ISBN: 978-7-122-00352-2
000 01234nam0 2200313 450
001 003493415
005 20080225095055.06
010    @a978-7-122-00352-2@dCNY38.00
035    @a003493415
100    @a20070327d2007 em y0chiy0110 ea
101 1  @achi@ceng
102    @aCN@b110000
105    @aa z 000yy
106    @ar
200 1  @a聚合物材料@Aju he wu cai liao@e结构·性能·应用@f(德)G. W. 埃伦斯坦(Gottfried W. Ehrenstein)[著]@g张萍,赵树高译
210    @a北京@c化学工业出版社@d2007
215    @a230页@c图@d24cm
305    @aCarl Hanser Verlag授权出版
312    @a封面英文题名:Polymeric materials: structure, properties, applications
330    @a本书以聚合物材料的结构、性能、加工、应用为主线,以工程实践为依托,探讨了各因素之间的相互关联和相互制约关系,内容主要包括:聚合物材料的结构、常规性能、力学性质、热机械性能、老化性能等。
510 1  @aPolymeric materials@estructure, properties, applications@zeng
606 0  @a高分子材料@x研究
606 0  @a高分子材料
690    @aTB324@v4
701  0 @c(德)@a埃伦斯坦@Aai lun si tan@c(Ehrenstein, Gottfried W.)@4著
702  0 @a张萍@Azhang ping@c(女)@4译
702  0 @a赵树高@Azhao shu gao@f(1949~)@4译
801  0 @aCN@bNLC@c20080225
905    @dTB324@e181@f4
    
    聚合物材料:结构·性能·应用/(德)G. W. 埃伦斯坦(Gottfried W. Ehrenstein)[著]/张萍,赵树高译.-北京:化学工业出版社,2007
    230页:图;24cm
    
    
    ISBN 978-7-122-00352-2:CNY38.00
    本书以聚合物材料的结构、性能、加工、应用为主线,以工程实践为依托,探讨了各因素之间的相互关联和相互制约关系,内容主要包括:聚合物材料的结构、常规性能、力学性质、热机械性能、老化性能等。
●
相关链接 在E读中查询图书 在五车中查询图书 在当当中查询图书 在豆瓣中查询图书


正题名:聚合物材料     索取号:TB324/181         预约/预借

序号 登录号 条形码 馆藏地/架位号 状态 备注
1 0614772   206147720   第二样本阅览室/ [索取号:TB324/181] 在馆    
2 0614773   206147739   第三借阅区/ [索取号:TB324/181] 在馆    
3 0614774   206147748   第三借阅区/ [索取号:TB324/181] 在馆    
4 0614775   206147757   第三借阅区/ [索取号:TB324/181] 在馆    
唐山师范学院图书馆 欢迎您!
大连网信软件有限公司© 版权所有